00422nam a22001337a 4500999001700000008004100017050002500058100002600083245006300109260005000172300003200222500001900254942001500273 c25873d25873170201b xxu||||| |||| 00| 0 eng d aNK 9798 .B36S55 1982 aSmith, Yvonne Brault. aJohn haley bellamy carver of eagles/cYvonne Brault Smith. aHampton:bPeter E. Randall, Publisher,c1982. axii, 103p. :bill. ;c25cm. aInclude index. 2lcccBOOKS